| 000 | 00922nas a2200277 4500 | ||
|---|---|---|---|
| 001 | BR7800651 | ||
| 003 | BR-BrBNA | ||
| 005 | 20231205083317.0 | ||
| 007 | ta | ||
| 008 | 230509b bl.|||p| |||| 00| 00por d | ||
| 040 |
_aBR-BrBNA _bpor _cBiblioteca Nacional de Agricultura |
||
| 041 | _a(Pt) | ||
| 072 | _aH10 | ||
| 100 | 1 | _aSantos, J.H.R. dos | |
| 100 | 1 | _aVieira, F.V. | |
| 100 | 1 | _aAlves, J.F. | |
| 245 | 1 | _aInfluencia da aplicacao de inseticidas na epoca de ocorrencia do Oxycarenus hyalinipennis (Costa, 1847)sobre a producao do algodao moco na safra seguinte [Gossypium hirsutum Marie Galante, percevejo, Ceara, Brasil] | |
| 650 | _aALGODAO MOCO | ||
| 650 | _aPERCEVEJO | ||
| 650 | _aCAPULHO | ||
| 650 | _aINSETICIDA | ||
| 650 | _aCEARA | ||
| 773 | 0 |
_tFitossanidade (Brazil) _xISSN 0100-4204 _g(Apr 1977), v. 2(1) p. 11-13 _wBR7800651 |
|
| 909 |
_a202311 _bLúcia _c55 _dLúcia Elande |
||
| 942 |
_2AGRIS _n0 _cANA |
||
| 999 |
_c97902 _d97902 |
||